000 00800nam a22002537a 4500
001 7679
003 FISKH
005 20250731083206.0
008 250731b cb ||||| |||| 00| 0 eng d
040 _aFISKH
_beng
_cFISKH
_dFISKH
050 _aPZ8.C1935 P
082 _a649.62
100 _aCapucilli, Alyssa Satin
245 _aThe potty book for boys /
_cAlyssa Satin Capucilli ; illustations by Dorothy Stott
260 _aNew York :
_bBarrons,
_c2000.
300 _a36 unnumbered pages :
_bcolor illustrations ;
_c17 cm
505 _aE
520 _aHenry gets his own potty when it is time for him to graduate from diapers.
521 8 _a160
_bLexile estimate
521 8 _aE
_bRaz-Plus
650 _aPotty Training
_vBody Function
942 _2ddc
_cBK
_n0
999 _c7679
_d7679